000
00259nam a2200109Ia 4500
008
190216s9999||||xx |||||||||||||| ||und||
100
_a
Nil
245
2
_a
A History Of English Literature
260
_b
Null
650
_a
English Literature-History
942
_c
BK
999
_c
11583
_d
11583